[Event "NOR-chT Eliteserien 2021-22"]
[Site "Norway"]
[Date "2022.02.04"]
[Round "4.1"]
[White "Plat, Vojtech"]
[Black "Christiansen, Johan-Sebastian"]
[Result "0-1"]
[WhiteElo "2554"]
[BlackElo "2584"]
[Annotator "TA"]
[PlyCount "78"]
[EventDate "2021.10.29"]
[EventType "team-tourn"]
[EventCountry "NOR"]
[SourceTitle "playchess.com"]
[Source "ChessBase"]
[SourceQuality "1"]

{[%evp 16,78,6,0,0,0,0,-7,-10,-12,-14,-15,-10,-19,-13,-18,-16,-19,0,-12,-12,-2,-16,-12,-16,-16,-14,-18,0,-21,-4,-54,-42,-39,-54,-56,-45,-82,-66,-100,-95,-94,-63,-65,-76,-79,-72,-72,-72,-72,-72,-71,-69,-109,-61,-73,-72,-82,-75,-121,-121,-121,-121,-507,-479]} 1. d4 Nf6 2. c4 c5 3. Nf3 {[%cal Bg1f3,Bf3d4,Bd4b5,Bb5c3][%mdl 32]} cxd4 4. Nxd4 e5 5. Nb5 d5 6. cxd5 Bc5 7. e3 O-O 8. N5c3 Bf5 9. Be2 Nbd7 {A31: Symmetrical English: 2 Nf3 Nf6 3 d4.} 10. Nd2 Bb4 $1 {[%mdl 4] is recently more successful than 10...e4.} 11. e4 Bxe4 {The position is equal.} 12. Ncxe4 Nxe4 13. O-O Nd6 14. Nb3 Nc5 15. Be3 Nxb3 16. Qxb3 {[#]} Qa5 $146 ({Predecessor:} 16... Ba5 17. Rfc1 Bb6 18. Bxb6 axb6 19. Qc3 Re8 20. a4 Ra5 21. Qd2 e4 22. Bb5 Nxb5 23. axb5 Rxa1 24. Rxa1 {0-1 (49) Plat,V (2531)-Mamedov,R (2654) Reykjavik 2021}) 17. a3 Bc5 18. Bxc5 Qxc5 19. Rac1 Qa5 20. Qe3 Rfe8 21. Rfd1 Rad8 {[%cal Ba8d8,Bd8e8,Be8e5][%mdl 32]} 22. Bd3 f5 23. f4 (23. Be2 $11) 23... exf4 $1 $15 ({But not} 23... Qxd5 24. Rc5 Qd4 25. Qxd4 exd4 26. Rd5 $11) 24. Qxf4 Qb6+ 25. Qf2 Re3 26. Bb1 Rde8 27. Rf1 ({Avoid the trap} 27. Bxf5 $2 Nxf5 28. Rf1 {[#]} h5 $1 $19) 27... R8e5 {Black is much more active.} 28. Rc3 Rxc3 (28... g6 {seems wilder.} 29. a4 Kg7 30. a5 Qd4 31. Ba2 Re7) 29. Qxb6 axb6 30. bxc3 $17 {[%cal Oc3c4][%mdl 4096] Endgame KRB-KRN} g6 31. Kf2 Kf8 (31... Rxd5 $2 32. Ba2 Ne4+ 33. Kf3 Nxc3 34. Bxd5+ Nxd5 35. Rd1 $18) 32. Rd1 b5 33. Rd4 Ke7 34. Bd3 Kd7 (34... Kf6 $17 35. g4 fxg4 36. Rxg4 Rxd5) 35. Kf3 g5 36. h4 h6 {[%cal Bh7h6,Bh6g5][%mdl 32]} 37. hxg5 (37. g3 $142) 37... hxg5 38. g3 Kc7 39. c4 $2 {[%mdl 8192] [#]} (39. a4 $17 {is tougher.}) 39... bxc4 {Weighted Error Value: White=0.33/Black=0.05 (flawless)} 0-1

[Event "NOR-chT Eliteserien 2021-22"]
[Site "Norway"]
[Date "2022.02.04"]
[Round "4.1"]
[White "Hillarp, Tiger"]
[Black "Yilmaz, Mustafa"]
[Result "*"]
[WhiteElo "2508"]
[BlackElo "2627"]
[Annotator "TA"]
[PlyCount "39"]
[EventDate "2021.10.29"]
[EventType "team-tourn"]
[EventCountry "NOR"]
[SourceTitle "playchess.com"]
[Source "ChessBase"]
[SourceQuality "1"]

{[%evp 13,25,0,7,4,4,20,0,0,16,14,12,0,5,7]} 1. d4 Nf6 2. c4 e6 3. Nc3 Bb4 4. e3 O-O 5. Bd2 b6 6. Nf3 d5 7. cxd5 exd5 {The position is equal.} 8. Rc1 {E51: Nimzo-Indian: Rubinstein: 4...0-0 5 Nf3 d5.} Bb7 9. Bd3 Be7 10. O-O c5 11. dxc5 bxc5 12. Re1 Re8 13. Qb3 {[#] An uneventful encounter.  Weighted Error Value: White=0.00 (flawless) /Black=0.04 (flawless)} {Predecessor:} Bc6 $146 14. Qc2 Nbd7 15. b3 d4 16. Ne4 c4 17. Nxf6+ Nxf6 18. Nxd4 Bxg2 19. Kxg2 cxd3 20. Qxd3 {½-½ (63) Basso,P (2561)-Sonis,F (2483) Premium Chess Arena INT 2020} *

[Event "NOR-chT Eliteserien 2021-22"]
[Site "Norway"]
[Date "2022.02.04"]
[Round "4.1"]
[White "Hillarp Persson, Tiger"]
[Black "Yilmaz, Mustafa"]
[Result "1/2-1/2"]
[WhiteElo "2508"]
[BlackElo "2627"]
[Annotator "TA"]
[PlyCount "95"]
[EventDate "2021.10.29"]
[EventType "team-tourn"]
[EventCountry "NOR"]
[SourceTitle "playchess.com"]
[Source "ChessBase"]
[SourceQuality "1"]

{[%evp 13,95,0,0,0,0,2,0,0,6,0,1,6,11,20,18,16,22,18,15,12,13,18,20,9,27,0,31,39,55,51,55,52,74,77,63,63,72,38,38,39,39,36,99,99,126,126,126,126,126,126,133,133,133,126,134,134,134,134,134,134,134,134,134,134,134,134,134,134,134,134,134,134,134,70,6,8,26,22,70,72,72,72,134,72]} 1. d4 Nf6 2. c4 e6 3. Nc3 Bb4 4. e3 O-O 5. Bd2 b6 6. Nf3 d5 7. cxd5 exd5 8. Rc1 {E51: Nimzo-Indian: Rubinstein: 4...0-0 5 Nf3 d5.} Bb7 9. Bd3 Be7 10. O-O {The position is equal.} c5 11. dxc5 bxc5 12. Re1 Re8 13. Qb3 {[#]} Qb6 $146 ({Predecessor:} 13... Bc6 14. Qc2 Nbd7 15. b3 d4 16. Ne4 c4 17. Nxf6+ Nxf6 18. Nxd4 Bxg2 19. Kxg2 cxd3 20. Qxd3 {½-½ (63) Basso,P (2561)-Sonis,F (2483) Premium Chess Arena INT 2020}) 14. Na4 Qxb3 15. axb3 Ba6 16. Bxa6 Nxa6 17. Red1 Rab8 18. Bc3 Red8 19. b4 c4 20. b5 Rxb5 21. Nd4 Rb7 22. Nc6 $36 {[%mdl 2048] [#] Hoping for Bxf6. White has the initiative.} Rdd7 23. Nxe7+ Rxe7 24. Bxf6 gxf6 25. Rxd5 Rb4 26. Nc5 Nxc5 27. Rxc5 $14 {[%mdl 4096] Endgame KRR-KRR} Reb7 ({Black should play} 27... Rxb2 $14 28. R5xc4 (28. R1xc4 Rb1+ 29. Rc1 Reb7 $14) 28... a5) 28. g3 $16 Rxb2 29. R1xc4 R2b4 30. Rxb4 Rxb4 {KR-KR} 31. Ra5 {Prevents Ra4.} Rb7 32. Kg2 Kg7 33. Kf3 Kg6 {[#]} 34. g4 $1 {Inhibits f5.} h6 35. h4 {[%cal Bh2h4,Bh4h5][%mdl 32]} Rc7 36. Ra6 Rb7 37. h5+ Kg7 38. Kf4 Rc7 39. f3 Rb7 40. e4 Rc7 41. Ra3 Rb7 42. Ke3 Rd7 43. Rd3 ({White should try} 43. Ra1 $16) 43... Rb7 $14 44. Kd4 Rb4+ 45. Kc3 Rb8 (45... Rb6 $1 $11) 46. Kc4 Rb1 47. Ra3 Rc1+ (47... Rf1 $142) 48. Kd4 {Weighted Error Value: White=0.03 (flawless) /Black=0.09 (flawless)} (48. Kd3 $142) 1/2-1/2

[Event "NOR-chT Eliteserien 2021-22"]
[Site "Norway"]
[Date "2022.02.04"]
[Round "4.1"]
[White "Ostmoe, Geir Sune Tallaksen"]
[Black "Notkevich, Benjamin Arvola"]
[Result "1-0"]
[WhiteElo "2466"]
[BlackElo "2481"]
[Annotator "TA"]
[PlyCount "115"]
[EventDate "2021.10.29"]
[EventType "team-tourn"]
[EventCountry "NOR"]
[SourceTitle "playchess.com"]
[Source "ChessBase"]
[SourceQuality "1"]

{[%evp 10,115,25,23,36,37,50,45,72,61,61,53,60,55,84,76,82,63,75,74,78,70,95,51,110,108,93,118,104,112,129,145,141,147,127,145,137,119,129,104,104,104,100,67,26,20,20,20,22,25,20,20,24,0,0,0,91,0,0,-275,406,122,465,94,96,93,91,93,92,104,98,107,105,107,141,146,218,150,253,120,120,114,339,321,636,639,624,587,808,821,758,800,758,712,635,619,1606,370,1078,938,5080,1962,1722,1745,1758,1570,1139,926]} 1. d4 Nf6 2. Nf3 g6 3. Nbd2 d5 4. e3 Bg7 5. b4 {[%cal Bb2b4,Bb4b5][%mdl 32]} O-O 6. c4 b6 {[%cal Oc7c5] D02: 1 d4 d5 2 Nf3 sidelines, including 2...Nf6 3 g3 and 2...Nf6 3 Bf4.} 7. Bb2 a5 8. b5 a4 {White is slightly better.} 9. Rc1 Bb7 {[#]} 10. Be2 $146 ({Predecessor:} 10. Ba3 Re8 11. Ne5 Nfd7 12. Ndf3 Nxe5 13. Nxe5 c5 14. Qc2 cxd4 15. exd4 f6 16. Nf3 {0-1 (26) Sergeev,V (2526)-Kolosowski,M (2435) Legnica 2011}) 10... c6 11. O-O dxc4 12. Bxc4 cxb5 13. Bxb5 Qd5 14. Bc4 Qa5 15. Bc3 Qf5 16. Rb1 {Inhibits b5.} (16. Qe2 $16) 16... Ne4 (16... Bd5 $14) 17. Nxe4 $16 Bxe4 18. Rxb6 Rc8 19. Nd2 Rxc4 20. Nxc4 {f3 is the strong threat.} Qd5 21. Nd2 (21. Qg4 Nd7 $16) 21... Bxg2 22. Re1 $1 Nd7 23. Rb2 Nf6 {To avoid e4} 24. Qe2 {Hoping for Rb5.} Rc8 {[#]} 25. Rb5 $1 Qxa2 26. Kxg2 Rxc3 {[#]} 27. Ne4 $1 Rc2 $1 28. Rb8+ Bf8 29. Nxf6+ exf6 30. Qf3 $36 {[%mdl 2048] White has some pressure.} Kg7 $1 31. Reb1 (31. h4 $5 {[%cal Rh4h5]} h5 32. Rf1 $11) 31... a3 32. R1b6 Be7 (32... f5 $1 $11) 33. Re8 ({White should try} 33. R8b7 $1 $16 {[%cal Rb7e7]} Rb2 34. Ra6 Rxb7 35. Qxb7) 33... Rb2 $11 34. Rc6 {[%mdl 8192]} (34. Rbb8 $11 Rxb8 35. Rxb8) 34... Rb7 $4 {[%mdl 8192]} (34... Rb5 $1 $19 {[%cal Rb5g5]} 35. d5 (35. Rxe7 $2 Rg5+ 36. Kh3 Rf5 $19) 35... Rxd5 $1) 35. Rcc8 $2 {Dancing on a razor blade.} (35. Rxe7 Rxe7 36. Qxf6+ Kh6 37. Qf4+ (37. Qxe7 Qd5+ 38. f3 Qxc6 $16) 37... Kg7 38. Qf6+ Kh6 $16) (35. h4 $1 $18 {is the precise move to win.} f5 36. Rcc8 Bxh4 37. Qf4 (37. Qxb7 Qxf2+ 38. Kh1 Qe1+ 39. Kg2 Qf2+ 40. Kh1 Qf1+ 41. Kh2 a2 $17) 37... Qxf2+ 38. Qxf2 Bxf2 39. Kxf2) 35... Qe6 {[%mdl 8192]} (35... Rb5 $16 {is a better chance.} 36. Rg8+ (36. Rxe7 Rg5+ 37. Kh3 Rh5+ 38. Kg2 Rf5 $11) 36... Kh6) 36. Ra8 $2 ({Not} 36. Qxb7 Qg4+ 37. Kh1 Qd1+ 38. Kg2 Qg4+ 39. Kh1 Qd1+ 40. Kg2 Qg4+ $11) (36. Rg8+ $18 {is more deadly.} Kh6 37. Rc6 (37. Qxb7 Qg4+ 38. Kh1 Qd1+ 39. Kg2 Qg4+ 40. Kh1 Qd1+ 41. Kg2 Qg4+ $11)) 36... Rb5 $16 {Threatens to win with ...Rg5+.} 37. Rg8+ Kh6 38. Qh3+ $1 Qxh3+ 39. Kxh3 {[%mdl 4096] Endgame Black must now prevent Ra7. KRR-KRB} Rb2 40. Ra7 Bb4 41. Kg2 Kg5 42. Rb8 Kf5 (42... f5 $16 43. Rxf7 a2) 43. Kf3 g5 (43... Kg5 $16 44. Rb6 h6) 44. e4+ (44. h3 $18 {and White stays clearly on top.}) 44... Kg6 45. d5 {White is more active.} f5 $2 (45... Kh5 $16 {might work better.}) 46. Rb6+ $18 f6 $2 (46... Kg7 47. exf5 Bc5 48. Rxb2 (48. f6+ Kg6 $18) 48... axb2) 47. e5 $1 g4+ 48. Kg3 Kg5 {Strongly threatening ...f4+.} 49. h4+ gxh3 50. f4+ Kh5 51. Kxh3 ({And not} 51. Rxf6 Rb3+ 52. Kh2 Kg4 $11) 51... Rb3+ 52. Kg2 Kg4 {[#]} 53. e6 $2 (53. Rxb4 $1 {[%mdl 512]} Rxb4 54. e6) 53... Rb2+ $2 (53... Rg3+ 54. Kf1 Rf3+ 55. Ke2 Bc5) 54. Kf1 {[%cal Ob6b4] White is clearly winning.} h5 {[#]} 55. Rxa3 $3 {[%mdl 512]} Rb1+ 56. Ke2 Rb2+ 57. Kd3 {[%cal Ob6b4] aiming for Rxb4!} Rd2+ 58. Ke3 {Weighted Error Value: White=0.65/Black=0.40} 1-0

[Event "NOR-chT Eliteserien 2021-22"]
[Site "Norway"]
[Date "2022.02.04"]
[Round "4.1"]
[White "Djurhuus, Rune"]
[Black "Abdrlauf, Elham"]
[Result "1/2-1/2"]
[WhiteElo "2403"]
[BlackElo "2343"]
[Annotator "TA"]
[PlyCount "43"]
[EventDate "2021.10.29"]
[EventType "team-tourn"]
[EventCountry "NOR"]
[SourceTitle "playchess.com"]
[Source "ChessBase"]
[SourceQuality "1"]

{[%evp 16,43,29,13,20,12,32,30,22,26,25,28,34,26,40,50,58,66,61,-12,-8,-19,-15,-20,-23,-14,0,0,-2,-1]} 1. e4 c6 2. d4 d5 3. exd5 cxd5 4. c4 Nf6 5. Nc3 g6 6. Qb3 Bg7 7. cxd5 O-O 8. Be2 Nbd7 9. Bf3 Nb6 {B14: Caro-Kann: Panov-Botvinnik Attack with 5...e6 and 5...g6.} 10. a4 e6 11. dxe6 $1 Bxe6 {White has an edge.} 12. Qd1 Bc4 13. Nge2 Nfd5 14. O-O Nxc3 15. bxc3 Nd5 16. Bd2 Rc8 {[#]} 17. Re1 $146 (17. Rc1 $14) ({Predecessor:} 17. Rc1 Re8 18. Re1 Qd6 19. a5 b6 20. axb6 axb6 21. Ng3 b5 22. Rxe8+ Rxe8 23. Nf1 {½-½ (49) Fleischanderl,F (2282)-Brunsteins,D (2251) IECG email 2006}) 17... Bxe2 $11 18. Rxe2 {[#] Qb3 is the strong threat.} Nxc3 19. Bxc3 Rxc3 20. Bxb7 Qxd4 {aiming for ...Rd3.} 21. Qxd4 Bxd4 22. Rd1 {Weighted Error Value: White=0.15 (very precise) /Black=0.06 (flawless)} 1/2-1/2

[Event "NOR-chT Eliteserien 2021-22"]
[Site "Norway"]
[Date "2022.02.04"]
[Round "4.2"]
[White "Romanov, Evgeny"]
[Black "Haubro, Martin"]
[Result "1-0"]
[WhiteElo "2561"]
[BlackElo "2399"]
[Annotator "TA"]
[PlyCount "143"]
[EventDate "2021.10.29"]
[EventType "team-tourn"]
[EventCountry "NOR"]
[SourceTitle "playchess.com"]
[Source "ChessBase"]
[SourceQuality "1"]

{[%evp 9,143,9,11,0,17,0,68,57,83,69,133,131,124,132,122,119,132,121,133,106,114,100,109,103,231,210,303,130,123,123,133,131,121,123,124,125,126,123,120,96,120,118,122,125,125,78,68,46,45,42,37,10,9,12,20,0,7,0,10,-15,0,0,0,0,0,0,16,12,37,0,8,4,4,0,0,4,4,4,4,4,4,4,8,0,0,0,0,4,58,0,0,0,0,0,0,0,0,0,0,0,0,0,0,0,8,8,8,8,44,44,118,62,39,42,177,177,177,177,177,171,29964,29964,29973,29973,29977,29978,29978,29979,29979,29965,29980,29981,29981,29982,29978,29945]} 1. Nf3 d5 2. b3 Nf6 3. Bb2 e6 4. e3 b6 5. c4 Bb7 6. Nc3 {[%cal Bb1c3,Bc3b5,Bb5a7,Ba7c6][%mdl 32] A13: English Opening: 1...e6.} Nbd7 7. Qc2 Rc8 {[#]} (7... c5 $11) 8. cxd5 $146 {White is slightly better.} ({Predecessor:} 8. Be2 Be7 9. cxd5 Nxd5 10. Nxd5 Bxd5 11. Bxg7 Rg8 12. Qxh7 Rxg7 13. Qxg7 Bf6 14. Qg8+ Nf8 15. Rc1 {1-0 (15) Chabanon,J (2446)-Orieux,E (1716) Saint Quentin 2019}) 8... exd5 9. Nb5 $1 a6 (9... c6 $14 10. Nxa7 Rc7) 10. Na7 $1 $16 {[%cal Of1a6]} Ra8 11. Nc6 Qc8 12. Rc1 {White is much more active. Black has bad knights.} Bd6 13. Nfd4 g6 14. f4 O-O {[#]} 15. Nf5 $1 {[%mdl 512]} gxf5 16. Qxf5 Re8 17. Qg5+ $18 (17. Bxf6 $6 Nxf6 18. Qg5+ (18. Qxf6 Qg4 $14) 18... Kf8 19. Qh6+ (19. Qxf6 Qg4 $16) 19... Kg8 20. Qg5+ (20. Qxf6 Qg4 $14) 20... Kf8 21. Qxf6 Qg4 $16) 17... Kf8 (17... Kh8 {keeps fighting.} 18. Bxf6+ Nxf6) 18. Bxf6 (18. Qh6+ $1 $18 {and the rest is easy.} Kg8 19. Ne5 (19. Bxf6 Nxf6 20. Qg5+ Kf8 $16)) 18... Nxf6 $16 19. Qxf6 {[%cal Rf6h8]} Qg4 20. Be2 ({But not} 20. Ne5 Qg7 21. Qxg7+ Kxg7 $14) 20... Qxg2 {[#]} 21. Bf3 $1 {[%mdl 512] Dancing on a razor blade.} Qg7 22. Qxg7+ Kxg7 23. Bxd5 Bxf4 24. Nb4 Bxd5 25. Nxd5 Be5 {[#]} 26. Ke2 $1 ({Don't do} 26. Nxc7 Rec8 $14) 26... Rac8 27. Rc6 (27. Rhg1+ $142 Kh8 28. Rgf1) 27... Re6 28. Nxb6 Rxc6 29. Nxc8 $14 {[%mdl 4096] Endgame KRB-KRN} Rc2 30. Ne7 Rxa2 31. Nc6 Bd6 32. Kd3 a5 {[%cal Ba6a5,Ba5a4][%mdl 32]} 33. h3 a4 34. b4 Rb2 35. Kc3 Rb3+ 36. Kc2 {Hoping for Ra1.} Bxb4 37. Ra1 Bc5 38. Rxa4 Rb6 39. Ne5 {Threatens to win with Rg4+.} Rb4 40. Ra1 Bd6 41. Rg1+ Kf6 42. Nf3 Ra4 43. Kd3 h6 44. Nd4 Be5 45. Rf1+ Kg6 46. Nf5 f6 47. e4 Ra3+ 48. Kc4 Rxh3 (48... Ra4+ $11 49. Kd5 c6+ 50. Kxc6 Rxe4) 49. Rg1+ ({Better is} 49. d4 $1 $14 Bd6 50. Rg1+ Kf7 51. Kd5) 49... Kf7 $11 50. Rg7+ Kf8 51. d4 Bf4 52. Kd5 {Ke6 is the strong threat.} Ra3 53. Rh7 Kg8 54. Rd7 Kf8 55. Nh4 Ke8 56. Rh7 Ra5+ 57. Ke6 {[%cal Rh7h8]} Ra6+ 58. Kf5 Bg5 59. Ng6 {[%mdl 1024] White has compensation.} Kd8 {[#]} (59... c6 $14) 60. d5 (60. Nf8 $1 $16 {[%cal Rf8e6]}) 60... Kc8 61. Nf8 {aiming for Ne6.} Ra4 (61... Ra1 $14) 62. Ne6 $18 Rc4 {To avoid Nc5} 63. Nxg5 hxg5 {KR-KR} 64. Rf7 ({Worse is} 64. Kxf6 Rxe4 65. Rg7 Rg4 $11) 64... c6 $2 (64... Rc1 $18) 65. d6 {[%cal Bd5d6,Bd6d7][%mdl 32] White mates.} c5 66. Rxf6 g4 67. e5 Rd4 68. Ke6 c4 69. Rf8+ Kb7 70. d7 c3 71. Rc8 Rd3 {[#]} 72. Rxc3 $3 {[%mdl 512] Weighted Error Value: White=0.11 (very precise) /Black=0.15 (very precise)} 1-0

[Event "NOR-chT Eliteserien 2021-22"]
[Site "Norway"]
[Date "2022.02.04"]
[Round "4.2"]
[White "Urkedal, Frode Olav Olsen"]
[Black "Pantzar, Milton"]
[Result "1/2-1/2"]
[WhiteElo "2549"]
[BlackElo "2422"]
[Annotator "TA"]
[PlyCount "103"]
[EventDate "2021.10.29"]
[EventType "team-tourn"]
[EventCountry "NOR"]
[SourceTitle "playchess.com"]
[Source "ChessBase"]
[SourceQuality "1"]

{[%evp 14,103,18,18,18,13,21,13,16,20,20,0,6,0,-1,0,2,0,0,0,0,-15,-14,-16,-18,-18,0,-12,-10,-19,-10,-21,-10,-21,-23,-27,-27,-25,-33,-51,-19,-54,-54,-114,-106,-118,-117,-98,-106,-106,-103,-103,-107,-143,-128,-128,-80,-80,-80,-80,-71,-71,-68,-83,-37,-37,-13,-21,-22,-22,-23,-22,-25,-25,-25,-25,-25,-25,-25,-25,-8,-8,-8,-8,-8,-8,0,0,0,0,0,0]} 1. d4 Nf6 2. c4 e6 3. Nf3 d5 4. Nc3 c5 5. cxd5 cxd4 6. Qxd4 exd5 7. Bg5 {[%cal Bc1g5,Bg5h4,Bh4g3,Bg3c7][%mdl 32]} Be7 8. e3 O-O {D50: Queen's Gambit Declined: Dutch-Peruvian Gambit.} 9. Be2 Nc6 10. Qd3 {is cutting edge theory.} h6 11. Bh4 Qb6 12. Qb5 Qxb5 13. Bxb5 Be6 14. Rd1 Rfd8 15. O-O {[#]} g5 $146 ({Predecessor:} 15... Rac8 16. Ne2 g5 17. Bg3 Ne4 18. Nfd4 Nxd4 19. Nxd4 Bf6 20. Ba4 Nxg3 21. hxg3 Rc4 {½-½ (28) Moiseenko,A (2597)-Vysochin,S (2505) Kharkov 2021}) 16. Bg3 Ne4 17. Nxe4 dxe4 18. Bxc6 bxc6 19. Nd4 Bd7 20. Bc7 (20. Nb3 $5 {[%cal Rg3c7]} Be6 21. Na5 $11) 20... Rdc8 21. Ba5 c5 22. Ne2 Be6 23. Nc3 Rab8 24. Rd2 f5 25. Rfd1 Kf7 26. h3 Rb7 27. Rc1 Rc6 {[%cal Bc8c6,Bc6a6,Ba6a2][%mdl 32]} 28. Nd5 {[#]} ({Better is} 28. Na4 $15) 28... Bf8 $1 $17 {Hoping for ...Ra6.} 29. f3 exf3 30. gxf3 {[%cal Od5b4]} Ra6 31. Bc3 Rxa2 32. e4 Rd7 33. Rcd1 {[#]} Ra4 $1 34. Kg2 ({But not} 34. b3 $2 Ra3 35. exf5 Bxf5 $19) 34... h5 ({Black should try} 34... fxe4 35. fxe4 Bg7) 35. Nf6 ({Don't blunder} 35. b3 $2 Ra3 36. Bf6 fxe4 37. Bxg5 exf3+ 38. Kxf3 c4 $19) 35... Rxd2+ 36. Rxd2 fxe4 37. Nxe4 Be7 38. Nd6+ Bxd6 (38... Kf8 $17 {White must now prevent ...Rh4.} 39. Ne4 Ra6) 39. Rxd6 {[%mdl 4096] Endgame KRB-KRB} Rh4 40. Ra6 Bxh3+ 41. Kg3 Bd7 42. Rxa7 Ke7 43. Bd2 {Inhibits Rf4.} Rh3+ 44. Kg2 g4 45. fxg4 hxg4 46. Rc7 Rh5 47. Be3 {The position is equal.} Kd6 48. Bf4+ Ke6 49. Be3 Re5 50. Bxc5 Re2+ 51. Kg3 Rxb2 52. Kxg4 {Weighted Error Value: White=0.06 (flawless) /Black=0.06 (flawless)} 1/2-1/2

[Event "NOR-chT Eliteserien 2021-22"]
[Site "Norway"]
[Date "2022.02.04"]
[Round "4.2"]
[White "Galchenko, Matvey"]
[Black "Sjoberg, Isak"]
[Result "1-0"]
[WhiteElo "2443"]
[BlackElo "2322"]
[Annotator "TA"]
[PlyCount "49"]
[EventDate "2021.10.29"]
[EventType "team-tourn"]
[EventCountry "NOR"]
[SourceTitle "playchess.com"]
[Source "ChessBase"]
[SourceQuality "1"]

{[%evp 13,49,6,3,7,59,54,62,69,62,19,48,48,223,238,298,291,321,354,366,356,371,365,325,340,332,329,413,424,418,406,631,537,765,746,762,739,1597,1549]} 1. d4 Nf6 2. c4 g6 3. Nc3 Bg7 4. Nf3 O-O 5. Bf4 d6 6. e3 c5 7. h3 Qb6 8. Rb1 {E61: King's Indian: Early deviations for White, including Smyslov System.} Nc6 ({Black should try} 8... cxd4 $11 9. exd4 Na6) 9. d5 $1 $14 {[#]} e5 $146 ({Predecessor:} 9... Nb4 10. a3 Bf5 11. axb4 Bxb1 12. Qxb1 Qxb4 13. Nd2 Nh5 14. Qc2 Nxf4 15. exf4 a5 {½-½ (35) Nunes,B (1459)-Simao Vasconcellos,P (1820) Sao Paulo 2018}) 10. Bg5 {White is slightly better.} (10. dxc6 exf4 11. Bd3 fxe3 12. fxe3 bxc6 $17) 10... Ne7 11. g4 (11. e4 $14 {was preferrable.}) 11... Bd7 12. Nd2 {Black must now prevent Qf3.} Qc7 $2 {This costs Black the game.} (12... Qd8 $14) 13. Qf3 $18 e4 {[#]} 14. Qf4 (14. Ncxe4 Nxe4 15. Qxe4 Rae8 $14) 14... h6 15. Bxh6 (15. Bxf6 g5 16. Bxg5 (16. Qxe4 Bxf6 17. Bd3 Ng6 $16) 16... Ng6 $18) 15... Rae8 16. Bxg7 (16. Ncxe4 Nxe4 17. Bxg7 (17. Nxe4 Nxd5 18. cxd5 Rxe4 $16) 17... g5 18. Qxe4 Kxg7 $18) 16... Kxg7 17. Ndxe4 Nxe4 18. Nxe4 Qa5+ 19. Nc3 b5 20. Qxd6 b4 21. Ne4 (21. Qxd7 bxc3 22. bxc3 Qxc3+ 23. Kd1 Rb8 $16) 21... Nf5 (21... b3+ $142 22. Nc3 bxa2) 22. Qxc5 {White is clearly winning.} ({Less strong is} 22. gxf5 Bxf5 23. Qf6+ (23. Nxc5 Bxb1 24. b3 Qxa2 $11) (23. Qxc5 Qxc5 24. Nxc5 Bxb1 $16) 23... Kg8 $18) 22... Qxa2 23. Bd3 Qb3 24. Ke2 Nh4 25. Qd4+ {Weighted Error Value: White=0.10 (very precise) /Black=0.56} 1-0

[Event "NOR-chT Eliteserien 2021-22"]
[Site "Norway"]
[Date "2022.02.04"]
[Round "4.2"]
[White "Vestby-Ellingsen, Mads"]
[Black "Sagafos, Magne"]
[Result "1-0"]
[WhiteElo "2368"]
[BlackElo "2386"]
[Annotator "TA"]
[PlyCount "79"]
[EventDate "2021.10.29"]
[EventType "team-tourn"]
[EventCountry "NOR"]
[SourceTitle "playchess.com"]
[Source "ChessBase"]
[SourceQuality "1"]

{[%evp 16,79,41,38,58,38,61,38,59,45,47,39,38,39,51,44,52,53,50,49,41,0,0,10,7,0,10,0,0,0,7,12,12,13,16,4,10,0,25,4,20,15,37,35,111,-4,0,-14,-8,-14,490,441,534,441,620,620,613,508,439,425,29984,29978,29992,29993,29993,29994]} 1. d4 Nf6 2. c4 g6 3. Nc3 Bg7 4. e4 d6 5. Nf3 O-O 6. Be2 Nbd7 7. O-O e5 8. Qc2 exd4 9. Nxd4 Qe7 {E94: King's Indian: Classical: 6 Be2 e5 7 0-0: Various Black 7th moves.} 10. Rd1 a6 11. f3 {[#] White is more active.} h6 $146 {White is slightly better.} ({Predecessor:} 11... Ne5 12. Bg5 h6 13. Bh4 g5 14. Bf2 Nh5 15. Nd5 Qd8 16. Ne3 Nf4 17. Ndf5 Qf6 {1-0 (52) Vukelic,T (2240)-Matanovic,Z (2023) Osijek 2010}) 12. Be3 c5 13. Nb3 {Hoping for Qd2.} Ne5 14. Qd2 {[%csl LRd6,LRh6]} Be6 15. Qxd6 Qxd6 16. Rxd6 Bxc4 17. Bxc5 {f4 is the strong threat.} Rfc8 $1 18. Bf2 Bxe2 19. Nxe2 Nc4 {[%csl LRb2,LRd6] Inhibits Rd2.} 20. Rd4 Nxb2 21. Rb1 Nc4 22. Nd2 Nxd2 23. Rxd2 b5 24. Nf4 Rc4 25. Be3 Re8 26. Rbd1 Kh7 27. Kf2 Rec8 28. h4 Ra4 29. g4 {[%cal Bg2g4,Bg4g5][%mdl 32]} Rc3 {[#]} ({Black should play} 29... Rc7 $14) 30. Nd5 ({Better is} 30. e5 $1 $16 {[%cal Re5f6]}) 30... Rca3 31. Nxf6+ Bxf6 32. g5 Bg7 {[%mdl 8192] This move loses the game for Black.} (32... hxg5 $11 33. hxg5 Be5) 33. Rd7 $18 Rxa2+ {[#]} 34. Kg3 $1 Be5+ (34... hxg5 $142 35. hxg5 Ra1) 35. Bf4 Bxf4+ 36. Kxf4 hxg5+ 37. hxg5 {Threatening mate with Ra7.} Kg8 (37... Kg7 $18 38. R1d6 Kg8 39. Rd8+ Kg7) 38. Ra7 {White mates.} Rc2 39. Rd8+ Kg7 40. Raa8 {Weighted Error Value: White=0.15 (very precise) /Black=0.65} 1-0